[Event "AUTO-OPEN-807"]
[Site "http://www.queenalice.com/game.php?id=262648"]
[Date "2007.8.28"]
[Round "1"]
[White "zoso"]
[Black "dinkoiliev"]
[Result "0-1"]
[WhiteElo "1040"]
[BlackElo "1701"]

1. d4 d5 2. Nc3 Nf6 3. e3 Nc6 4. Bb5 Bd7 5. Ba4 a6 6. f4 e6 7. Nge2 b5 8. Bb3
Bd6 9. a4 O-O 10. O-O Nb4 11. Ng3 c5 12. Bxd5 Nbxd5 13. f5 Bxg3 14. hxg3 exf5
15. Bd2 Nxc3 16. bxc3 c4 17. a5 Bc6 18. Rxf5 Qe7 19. e4 Qxe4 20. Re5 Qxg2# 0-1

[Event "let's play chess 7"]
[Site "http://www.queenalice.com/game.php?id=263541"]
[Date "2007.8.29"]
[Round "-"]
[White "alecarbar"]
[Black "zoso"]
[Result "0-1"]
[WhiteElo "1210"]
[BlackElo "1020"]

1. e4 e5 2. Bc4 Qh4 3. g3 Qxe4+ 4. Qe2 Qxh1 5. Qf3 Qxg1+ 6. Ke2 Qxc1 7. Qb3 d5
8. Bxd5 Bg4+ 9. Ke3 Bc5+ 10. Ke4 Qe1+ 11. Kd3 Nf6 12. Bxf7+ Kd8 13. Qxb7 Bf5+
14. Kc4 Qe4+ 15. Qxe4 Bxe4 16. Kxc5 Na6+ 17. Kb5 Bb7 18. Ka5 Ke7 19. Bc4 Nc5 20.
Nc3 a6 21. Re1 Nfd7 22. f4 Rhf8 23. fxe5 Rf5 24. d4 Ne6 25. h3 c5 26. g4 Rg5 27.
dxc5 Ndxc5 28. Kb6 h5 29. h4 Rxg4 30. b4 Rxc4 0-1

[Event "Challenge"]
[Site "http://www.queenalice.com/game.php?id=263601"]
[Date "2007.8.30"]
[Round "-"]
[White "zoso"]
[Black "GabrielGabera"]
[Result "0-1"]
[WhiteElo "1020"]
[BlackElo "1500"]

1. e4 e5 2. d4 exd4 3. Qxd4 Nc6 4. Nf3 Nxd4 5. Bg5 Nxf3+ 6. Kd1 Qxg5 7. Nd2 Nxd2
8. Be2 Qxg2 9. Kxd2 Bb4+ 10. c3 Ba5 11. Rhg1 Qxf2 12. Rxg7 Nf6 13. Rf1 Nxe4+ 14.
Kd1 Kf8 15. Rxf2 Nxf2+ 16. Kc1 Kxg7 17. Bh5 Nd3+ 18. Kb1 Re8 19. Ka1 Re1+ 20.
Bd1 Rxd1# 0-1

[Event "Challenge"]
[Site "http://www.queenalice.com/game.php?id=263609"]
[Date "2007.8.30"]
[Round "-"]
[White "ig0r"]
[Black "zoso"]
[Result "0-1"]
[WhiteElo "1525"]
[BlackElo "1038"]

1. e4 Nf6 2. e5 Ne4 3. Qf3 Ng5 4. Qg4 e6 5. d3 Bb4+ 6. Qxb4 Nc6 7. Qg4 Nxe5 8.
Bxg5 f6 9. Qe4 Nf7 10. Bh4 g5 11. Bg3 f5 12. Qd4 d5 13. Be5 Rg8 14. Bf6 Qd7 15.
Nf3 g4 16. Ne5 Qd6 17. Nxf7 Kxf7 18. Be5 Qe7 19. Be2 c5 20. Qf4 d4 21. Bd6 e5
22. Bxe5 Re8 23. Bd6 Qxe2# 0-1

[Event "Challenge"]
[Site "http://www.queenalice.com/game.php?id=270380"]
[Date "2007.9.11"]
[Round "-"]
[White "Gloria"]
[Black "zoso"]
[Result "1-0"]
[WhiteElo "1644"]
[BlackElo "1324"]

1. e4 e5 2. d4 exd4 3. Qxd4 Nc6 4. Qe3 Nf6 5. Nc3 Bb4 6. Bd2 O-O 7. O-O-O Re8 8.
f3 d5 9. Nge2 d4 10. Qg5 h6 11. Qh4 dxc3 12. Bxc3 Bd6 13. g4 Ne5 14. Bg2 Bd7 15.
Qf2 Qe7 16. h4 Bc5 17. Bd4 1-0

[Event "The song remains the same."]
[Site "http://www.queenalice.com/game.php?id=270615"]
[Date "2007.9.12"]
[Round "-"]
[White "floyd_page"]
[Black "zoso"]
[Result "0-1"]
[WhiteElo "1862"]
[BlackElo "1149"]

1. e4 c6 2. d4 d5 3. exd5 cxd5 4. c4 Nf6 5. Nf3 Bg4 6. Be2 dxc4 7. Be3 b5 8. O-O
Nc6 9. Nc3 a6 10. h3 Bf5 11. Nh4 Be6 12. Bf3 Nd5 13. Kh1 Ncb4 14. a3 Nxe3 15.
fxe3 Nd5 16. e4 Ne3 17. Qd2 Nxf1 18. Rxf1 Qd7 19. Kh2 Rd8 20. d5 Qd6+ 21. Kh1
Qg3 22. Nf5 Qe5 23. Bg4 h5 24. Bd1 Bd7 25. Qf4 Qxf4 26. Rxf4 e6 27. Ne3 g5 28.
Rf1 g4 29. Kh2 Bd6+ 30. Kh1 gxh3 31. gxh3 exd5 32. Ncxd5 Bxh3 33. Nf6+ Kf8 34.
Rf3 Bg4 35. Rf1 Be5 36. Nfxg4 hxg4+ 37. Kg1 Bd4 38. Kg2 Bxe3 39. Bxg4 Rd2+ 40.
Kg3 Rxb2 41. Be6 Bf2+ 42. Rxf2 Rxf2 0-1

[Event "Challenge Masters"]
[Site "http://www.queenalice.com/game.php?id=270617"]
[Date "2007.9.12"]
[Round "-"]
[White "ccarre"]
[Black "zoso"]
[Result "0-1"]
[WhiteElo "1788"]
[BlackElo "1294"]

1. c4 e5 2. Nc3 Nc6 3. g3 g6 4. Bg2 Bg7 5. Nf3 d6 6. O-O Nf6 7. d3 O-O 8. Rb1 a5
9. Bg5 h6 10. Bxf6 Bxf6 11. a3 Bg7 12. b4 axb4 13. axb4 Be6 14. b5 Ne7 15. Nd2
Ra7 16. Qb3 c6 17. Ra1 Ra8 18. b6 Rxa1 19. Rxa1 Nc8 20. Ra8 Qd7 21. Na4 Ne7 22.
Rxf8+ Kxf8 23. Qb4 Kg8 24. Ne4 Nc8 25. Qa5 f5 26. Nec3 e4 27. dxe4 Bxc4 28. exf5
gxf5 29. Bf3 d5 30. Nc5 Qe7 31. N3a4 Bf8 32. Qa8 Nd6 33. e3 d4 34. Nb2 dxe3 35.
Nxc4 Nxc4 36. Nxb7 e2 37. Bxe2 Qxe2 38. Nc5 Qd1+ 39. Kg2 Qd5+ 40. Kh3 Nxb6 0-1

[Event "Challenge"]
[Site "http://www.queenalice.com/game.php?id=271471"]
[Date "2007.9.14"]
[Round "-"]
[White "zoso"]
[Black "Vitocknick"]
[Result "0-1"]
[WhiteElo "1237"]
[BlackElo "1197"]

1. d4 e6 2. c4 Bb4+ 3. Bd2 Bxd2+ 4. Qxd2 Nf6 5. Nf3 b6 6. g3 Bb7 7. Bg2 Bxf3 8.
Bxf3 d5 9. cxd5 exd5 10. Nc3 c6 11. Qe3+ Qe7 12. Qxe7+ Kxe7 0-1

[Event "Challenge"]
[Site "http://www.queenalice.com/game.php?id=275065"]
[Date "2007.9.21"]
[Round "-"]
[White "zoso"]
[Black "debia"]
[Result "1-0"]
[WhiteElo "1089"]
[BlackElo "1590"]

1. e4 e5 2. Nf3 Qf6 3. Bc4 h6 4. Nc3 c6 5. d4 Bd6 6. Be3 b5 7. dxe5 Bxe5 8. Nxe5
Qxe5 9. Bd4 Qg5 10. Bf1 d6 11. h4 Qg6 12. Be3 h5 13. Nxb5 cxb5 14. Qd5 Ne7 15.
Qxa8 Nbc6 16. Bxb5 Qxg2 17. Bxc6+ Kf8 18. O-O-O g6 19. Bd7 Kg7 20. Bd4+ f6 21.
Bxf6+ Kxf6 22. e5+ dxe5 23. Qxg2 Bxd7 24. Qg5+ Ke6 25. Rhe1 Kf7 26. Rxd7 Re8 27.
Rxe5 Kf8 28. Rexe7 Rxe7 29. Qxe7+ Kg8 30. Qg7# 1-0

[Event "Challenge"]
[Site "http://www.queenalice.com/game.php?id=275101"]
[Date "2007.9.21"]
[Round "-"]
[White "zoso"]
[Black "Tlaloc2k"]
[Result "1-0"]
[WhiteElo "1179"]
[BlackElo "1491"]

1. e4 e5 2. Nf3 Nc6 3. Bb5 Bd6 4. O-O Nf6 5. Re1 O-O 6. d4 a6 7. Bxc6 exd4 8.
Ba4 Bb4 9. Bd2 Bxd2 10. Nbxd2 b5 11. Bb3 c5 12. e5 Nh5 13. Nxd4 cxd4 14. Qxh5
Qb6 15. Ne4 Bb7 16. Nd6 Kh8 17. Nxf7+ Rxf7 18. Qxf7 Bc6 19. e6 d5 20. e7 Re8 21.
Qf8+ Rxf8 22. exf8=Q# 1-0